00998nam a2200265 a 450000100100000000500170001000800410002702000150006804000250008304100380010808200190014610000240016524000540018924501030024326000410034630000210038753400630040865000220047165000370049365000270053070000320055704900090058995201170059899900170071500002331820200930022133.0101202s1976 sp 000 | spa d a8427004087 aDO-SdBNPbspacBNPHU17aspaheng2Código de idioma MARC a158.125bW582q1 aWhite, John,94802010aEverything you want to know about TM.lEspañol.10a¿Qué es TM? :bmeditación trascendental /cJohn Warren White ; traducción de Esteban Serra. aBarcelona :bMartínez Roca,c1976. a168 p. ;c22 cm. aTítulo original :tEverything you want to know about TM. 4aMeditación9687 4aConciencia (psicología)940850 4aContemplación9480211 aSerra, Esteban,etr.948022 aBNGR 001050718MOaGRbGRcCTd2010-12-02iLF1l0o158.125 W582qp23318-10r2020-06-25w2020-06-25y1ZNo se presta c22815d22815